000 00563nam a22001695i 4500
001 163606
003 ES-MaACL
005 20230906212756.0
008 990315s1884 ve |||| | spa d
040 _aCCPB | B
_bspa
_cCCPB | B
100 1 _aRivodó, Ermelindo.
_9131876
245 1 0 _aHojas de un libro
_b: poesías /
_cErmelindo Rivodó.
260 _aLa Guaira (Venezuela) :
_b[s.n.],
_c1884 (
_fImprenta del Diario de La Guaira)
300 _av. ;
_c23 cm.
752 _aVenezuela -
_dLa Guaira
852 _aES-MaACL
_jG-6421
_z-- Enc. pasta
_q-- Sólo t.I
999 _c163606
_d163606